| 000 | 00477pab a2200169 454500 | ||
|---|---|---|---|
| 008 | 180718b1999 xxu||||| |||| 00| 0 eng d | ||
| 100 | _aAlagh, Yoginder K. | ||
| 245 | _aAgricultural trade and sustainable development | ||
| 260 | _c1999 | ||
| 300 | _ap.1-5 | ||
| 362 | _aJan-Mar | ||
| 650 | _aSustainable development | ||
| 650 | _aAgricultural economics - India | ||
| 650 | _aAgricultural economics | ||
| 773 | _aIndian Journal of Agricultural Economics | ||
| 909 | _a41208 | ||
| 999 |
_c41208 _d41208 |
||